| 000 | 00545nam a22002057a 4500 | ||
|---|---|---|---|
| 003 | OSt | ||
| 005 | 20140310182908.0 | ||
| 008 | 130128t xxu||||| |||| 00| 0 eng d | ||
| 020 | _a9718845291 | ||
| 050 |
_aPL 5539 _b.J83 1999 |
||
| 082 |
_aF 823 _b.J77 1999. |
||
| 245 |
_aThree filipino women / _cF. Sionil Jose. |
||
| 260 |
_aManila : _bSolidaridad Publishing House, _cc1999. |
||
| 300 |
_avii, 176 p. : _c23 cm. |
||
| 521 | _acollege students | ||
| 526 | _c1210L-1700L | ||
| 541 | _j1 | ||
| 562 | _e1 | ||
| 942 |
_2lcc _cBK _kFIL |
||
| 999 |
_c17180 _d17180 |
||